Doctrina política de la Iglesia / (Record no. 55644)

MARC details
000 -LEADER
campo de control de longitud fija 00867nam a2200241 i 4500
001 - NÚMERO DE CONTROL
campo de control 55644
003 - IDENTIFICADOR DE NÚMERO DE CONTROL
campo de control ES-MaACL
005 - FECHA Y HORA DE LA ÚLTIMA TRANSACCIÓN
campo de control 20250831023854.0
007 - CAMPO FIJO DE DESCRIPCIÓN FÍSICA--INFORMACIÓN GENERAL
campo de control de longitud fija t|
008 - DATOS DE LONGITUD FIJA--INFORMACIÓN GENERAL
campo de control de longitud fija 030924m19661967sp ||||1| spa d
100 1# - ENTRADA PRINCIPAL--NOMBRE DE PERSONA
Nombre de persona Desqueyrat, A.
9 (RLIN) 43931
245 10 - MENCIÓN DEL TÍTULO
Título Doctrina política de la Iglesia /
Mención de responsabilidad, etc. A. Desqueyrat ; traducción y adaptación de Enrique Melón Martínez.
260 ## - PUBLICACIÓN, DISTRIBUCIÓN, ETC.
Lugar de publicación, distribución, etc. Bilbao :
Nombre del editor, distribuidor, etc. Desclée de Brouwer,
Fecha de publicación, distribución, etc. 1966-67.
300 ## - DESCRIPCIÓN FÍSICA
Extensión 2 v. ;
Dimensiones 22 cm.
490 1# - MENCIÓN DE SERIE
Mención de serie Coleccion Veritas et Justitia
505 8# - NOTA DE CONTENIDO CON FORMATO
Nota de contenido con formato Contiene: T. I: El Estado. -- T. II: La Iglesia y el Estado / Desqueyrat y Halbecq
650 07 - PUNTO DE ACCESO ADICIONAL DE MATERIA--TÉRMINO DE MATERIA
Término de materia o nombre geográfico como elemento de entrada Estado
Fuente del encabezamiento o término embne
9 (RLIN) 12523
650 07 - PUNTO DE ACCESO ADICIONAL DE MATERIA--TÉRMINO DE MATERIA
Término de materia o nombre geográfico como elemento de entrada Iglesia y Estado
Fuente del encabezamiento o término embne
9 (RLIN) 13554
700 1# - ENTRADA AGREGADA--NOMBRE PERSONAL
Nombre de persona Melón Martínez, Enrique.
9 (RLIN) 80022
830 0# - PUNTO DE ACCESO ADICIONAL DE SERIE-TÍTULO UNIFORME
Título uniforme Coleccion Veritas et Justitia
9 (RLIN) 184576
852 ## - LOCALIZACIÓN
Ubicación ES-MaACL
Número de control de estantería G-4134-35
Sublocalización o colección R.58334
Holdings
Estatus retirado Estado de pérdida Estado de daño No para préstamo Biblioteca de origen Biblioteca actual Ubicación en estantería Fecha de adquisición Fuente de adquisición Total de préstamos Signatura topográfica completa Código de barras Visto por última vez Precio de reemplazo Tipo de ítem Koha
        Biblioteca del Ateneo de Madrid Biblioteca del Ateneo de Madrid Depósito 2 17/01/2008     G-4134-35 1058457 23/02/2023 23/02/2023 Libro impreso